Entry Personal Name
Number of records used in: 1
001 - CONTROL NUMBER
003 - CONTROL NUMBER IDENTIFIER
005 - DATE AND TIME OF LATEST TRANSACTION
- control field:
20231009132013.0
008 - FIXED-LENGTH DATA ELEMENTS
- fixed length control field:
830601n| azannaabn |a aaa
010 ## - LIBRARY OF CONGRESS CONTROL NUMBER
- LC control number:
n 83129937
- Canceled/invalid LC control number:
n 99264619
035 ## - SYSTEM CONTROL NUMBER
- System control number:
(OCoLC)oca00963370
040 ## - CATALOGING SOURCE
- Original cataloging agency:
DLC
- Language of cataloging:
eng
- Description conventions:
rda
- Transcribing agency:
DLC
- Modifying agency:
DLC
- Modifying agency:
OCoLC
- Modifying agency:
UPB
- Modifying agency:
IlMpPL
- Modifying agency:
NcGU
- Modifying agency:
DLC
046 ## - SPECIAL CODED DATES
- Birth date:
1954-06-07
- Source of date scheme:
edtf
053 #0 - LC CLASSIFICATION NUMBER
- Classification number element--single number or beginning number of span:
PS3555.R42
100 1# - HEADING--PERSONAL NAME
- Personal name:
Erdrich, Louise
370 ## - ASSOCIATED PLACE
- Place of birth:
Little Falls (Minn.)
- Associated country:
United States
- Place of residence/headquarters:
Minnesota
- Source of term:
naf
372 ## - FIELD OF ACTIVITY
- Field of activity:
Fiction
- Field of activity:
Children's literature
- Field of activity:
Poetry
- Field of activity:
Book industries and trade
- Source of term:
lcsh
373 ## - ASSOCIATED GROUP
- Associated group:
Dartmouth College
- Associated group:
Johns Hopkins University
- Source of term:
naf
374 ## - OCCUPATION
- Occupation:
Authors
- Occupation:
Poets
- Occupation:
Booksellers and bookselling
- Source of term:
lcsh
377 ## - ASSOCIATED LANGUAGE
400 1# - SEE FROM TRACING--PERSONAL NAME
- Personal name:
Erdrich, Karen Louise
670 ## - SOURCE DATA FOUND
- Source citation:
Her Jacklight, 1984:
- Information found:
title page (Louise Erdrich) cover (born 1954)
670 ## - SOURCE DATA FOUND
- Source citation:
Her The last report on the miracles at Little No Horse, 2001:
- Information found:
CIP title page (Louise Erdrich) data sheet (born 7 June 1954)
670 ## - SOURCE DATA FOUND
- Source citation:
Conversations With Louise Erdrich and Michael Dorris, 1994:
- Information found:
page xxi (Karen Louise Erdrich; born Little Falls, Minnesota, 7 June 1954)
670 ## - SOURCE DATA FOUND
- Source citation:
The night watchman, 2020:
- Information found:
title page (Louise Erdrich) book jacket (writer of novels, poetry, children's books and a memoir; member of the Turtle Mountain Band of Chippewa; lives in Minnesota and is the owner of the independent bookstore Birchbark Books)
670 ## - SOURCE DATA FOUND
- Source citation:
Wikipedia, viweed August 18, 2020:
- Information found:
wiki (Louise Erdrich, born Karen Louise Erdrich on June 7,1954; American author, writer of novels, poetry and childrens books featuring Native American characters and settings; attended Dartmouth College for her degree in English; MA from Johns Hopkins University in Baltimore, Maryland)
- Uniform Resource Identifier:
https://en.wikipedia.org/wiki/Louise_Erdrich